Sentencias arbitrales: 2003-2006

Đã lưu trong:
Chi tiết về thư mục
Định dạng: Sách
Ngôn ngữ:Tiếng Tây Ban Nha
Được phát hành: Santiago Centro de Arbitraje y Mediación - Cámara de Comercio de Santiago 2008
Những chủ đề:
Các nhãn: Thêm thẻ
Không có thẻ, Là người đầu tiên thẻ bản ghi này!

MARC

LEADER 00000nam a2200000 a 4500
001 UCH0111
003 CL-VaPUC
008 090108e20080000CL |||||||||||||||||spa|d
020 |a 9789568126070 
082 0 4 |a 347.83077  |b SEN  |2 21 
245 1 0 |a Sentencias arbitrales: 2003-2006 
300 |a t 
942 |c BK 
945 |d 20090108 00:00:00  |a jtorresc 
260 |a Santiago  |b Centro de Arbitraje y Mediación - Cámara de Comercio de Santiago  |c 2008 
650 7 |a SENTENCIAS ARBITRALES 2003-2006  |2 CL-VaPUC  |9 534212 
650 0 |a Derecho procesal penal  |9 255496 
650 0 |a Procedimiento civil  |9 254870 
583 |a last modification  |c 20130103 08:58:06  |k Rodrigo Vera 
999 |c 332492  |d 332490 
952 |0 0  |1 0  |4 0  |6 347_830770000000000_SEN_2008  |7 0  |8 A  |9 420264  |a BIBDER  |b BIBDER  |d 2019-11-22  |h v.4  |i 4509803  |o 347.83077 SEN 2008  |p 4509803  |r 2023-01-25  |w 2019-11-22  |y BK  |k DER